Flower Quiz #3 - Statistics

General Stats
  • This quiz has been taken 18 times
    4 since last reset
  • The average score is 4 of 31
Answer Stats
Picture Answer % Correct
Forget-me-not
67%
Lupin
67%
Orchid
67%
Poinsettia
67%
Frangipani
33%
Gerbera
33%
Hydrangea
33%
Morning glory
33%
Sweet Pea
33%
African Daisy
0%
Bluebonnet
0%
Cattleya
0%
Christmas Star
0%
Columbine
0%
Cyclamen
0%
Fragrant Pea
0%
Fuchsia
0%
Granny's Bonnet
0%
Honeysuckle
0%
Hortensia
0%
Hyacinth
0%
Indian Cress
0%
Lady's Eardrops
0%
Monkshood
0%
Moonflower
0%
Mouse-Ear
0%
Nasturtium
0%
Plumeria
0%
Sowbread
0%
Wolfsbane
0%
Woodbine
0%
No matching quizzes found
Score Distribution
Percent of People with Each Score
Percentile by Number Answered
Your Score History
You have not taken this quiz since the last reset